000 004600000a22001690004500
003 MACL
005 20160110125725.0
008 160110b xxu||||| |||| 00| 0 eng d
040 _aMACL
_cMACL
041 _aEnglish
082 _a900/CHA
100 _aChaytor, Rev H J
_930866
245 _aThe Making of Modern Europe
_bEuropean History vol 4
260 _bThe Gresham Publishing Company Ltd
_aLondon
650 _aHistory
_930867
942 _cBK
_k900/CHA
_2ddc
999 _c36638
_d36638